00356nam a2200133Ia 4500003000400000008004100004020002200045040000800067100002600075245006700101260002900168300001300197365001200210LDD181029s9999 xx 000 0 und d a387310738cE59.95 cLDD aBishop, Christopher M 0aPattern recognition and machine learningcChristopher M Bishop aNew YorkbSpringerc2006 axx,738p. bE 59.95